[Event "Tula Rjazanov Memorial"]
[Site "Tula"]
[Date "2016.02.12"]
[Round "7"]
[White "Ermilov, Petr"]
[Black "Skurokin, Dmitriy"]
[Result "0-1"]
[WhiteElo "1769"]
[BlackElo "1890"]
[PlyCount "34"]
[EventDate "2016.02.05"]
[EventType "swiss"]
[EventRounds "9"]
[EventCountry "RUS"]
[SourceTitle "CBM 171 Extra"]
[Source "ChessBase"]
[SourceDate "2016.04.26"]
[SourceVersion "1"]
[SourceVersionDate "2016.04.26"]
[SourceQuality "1"]

1. e4 e5 2. Nf3 Nc6 3. Nc3 Nf6 4. d3 Bb4 5. Bd2 0-0 6. g3 d6 7. Bg2 Bg4 8. 0-0 Nd4 9. a3 Ba5 10. b4 Bb6 11. Nd5 Nxd5 12. exd5 Qf6 13. c3 Nxf3+ 14. Bxf3 Bxf3 15. Qb3 Qf5 16. d4 Qh3 17. Qc2 Qg2# 0-1

[Event "Donskoj"]
[Site "Donskoj"]
[Date "2012.08.06"]
[Round "9"]
[White "Ermilov, Petr"]
[Black "Biriukov, Ilja"]
[Result "0-1"]
[WhiteElo "1912"]
[BlackElo "2383"]
[PlyCount "84"]
[EventDate "2012.08.01"]
[EventType "tourn"]
[EventRounds "13"]
[EventCountry "RUS"]
[EventCategory "2"]
[SourceTitle "EXT 2013"]
[Source "ChessBase"]
[SourceDate "2012.11.22"]
[SourceVersion "1"]
[SourceVersionDate "2012.11.22"]
[SourceQuality "1"]

1. d4 Nf6 2. c4 e5 3. dxe5 Ng4 4. Nf3 Nc6 5. Bf4 Bb4+ 6. Nbd2 Qe7 7. e3 0-0 8. Be2 Ngxe5 9. 0-0 d6 10. Qc2 Bg4 11. h3 Bh5 12. a3 Bxd2 13. Qxd2 Bxf3 14. Bxf3 Nxf3+ 15. gxf3 Qe6 16. Kg2 Qxc4 17. Rac1 Qe6 18. Rg1 Rad8 19. Kh2 Rd7 20. Rg3 Rfd8 21. Rcg1 g6 22. Bg5 f6 23. Bh6 d5 24. h4 d4 25. e4 Qe5 26. Bf4 Qh5 27. b4 d3 28. Rh3 Ne5 29. Bxe5 Qxe5+ 30. Kg2 b6 31. Rhh1 c5 32. Rc1 Rd4 33. bxc5 bxc5 34. Rc3 f5 35. exf5 Qxf5 36. h5 gxh5 37. Rh3 h4 38. Rc1 c4 39. Rg1 Kf7 40. Qb2 Qg6+ 41. Kh1 Qxg1+ 42. Kxg1 d2 0-1

[Event "Suvorov-ch"]
[Site "Suvorov"]
[Date "2007.01.29"]
[Round "6"]
[White "Ermilov, Petr"]
[Black "Skurokin, Dmitriy"]
[Result "0-1"]
[WhiteElo "1946"]
[BlackElo "2007"]
[PlyCount "78"]
[EventDate "2007.01.24"]
[EventType "swiss"]
[EventRounds "9"]
[EventCountry "RUS"]
[SourceTitle "EXT 2019"]
[Source "ChessBase"]
[SourceDate "2018.10.10"]
[SourceVersion "1"]
[SourceVersionDate "2018.10.10"]
[SourceQuality "1"]

1. e4 c5 2. c3 Qa5 3. Nf3 Nc6 4. Bc4 e6 5. d4 cxd4 6. Nxd4 Nf6 7. Nxc6 bxc6 8. Qe2 d5 9. exd5 cxd5 10. Bb5+ Bd7 11. Bxd7+ Nxd7 12. 0-0 Be7 13. Qg4 0-0 14. Bh6 Bf6 15. Nd2 Ne5 16. Qg3 Ng6 17. Bg5 Be5 18. Qg4 Rab8 19. f4 f5 20. Qe2 Qb6+ 21. Kh1 Bc7 22. Nb3 h6 23. Qh5 hxg5 24. Qxg6 gxf4 25. Rad1 Rf6 26. Qg5 Rh6 27. Rf3 Bd8 28. Qxf4 Bc7 29. Qd4 Rxh2+ 30. Kg1 Qd6 31. Qd3 Rh1+ 32. Kf2 Rxd1 33. Qxd1 Bb6+ 34. Ke2 Qe5+ 35. Kd2 f4 36. Kc2 a5 37. Nd4 Bxd4 38. Qxd4 Qe2+ 39. Qd2 Rxb2+ 0-1